000
00309nam a2200133Ia 4500
005
20251222144913.0
008
251222s9999||||xx |||||||||||||| ||spa||
020
_a
978-1-4050-8006-4
082
_a
425/T48
100
_a
Thornbury, Scott
245
0
_a
Uncovering Grammar
264
_b
Macmillan
942
_c
LIB
999
_c
22404
_d
22404